The New institutional economics : a collection of articles from the Journal of institutional and theoretical economics /

Bibliographic Details
Other Authors: Furubotn, Eirik Grundtvig, 1923-, Richter, Rudolf, 1926-
Format: Book
Language:English
Published: College Station : Texas A & M Press, [1991]
Series:Texas A & M University economics series ; no. 13.
Subjects:

MARC

Tag First Indicator Second Indicator Subfields
LEADER 00000cam a2200000 a 4500
001 in00001163821
005 20151001071556.0
008 910426s1991 txua b 001 0 eng
010 |a  91004019  
020 |a 0890965021 
035 |a (OCoLC)23765898 
035 |9 AGE3233AM 
040 |a DLC  |c DLC  |d WEA  |d TXA  |d UtOrBLW 
049 |a TXAS [pres] 
050 0 0 |a HB99.5  |b .N49 1991 
082 0 0 |a 330  |2 20 
245 0 4 |a The New institutional economics :  |b a collection of articles from the Journal of institutional and theoretical economics /  |c introduced and edited by Eirik G. Furubotn and Rudolf Richter. 
264 1 |a College Station :  |b Texas A & M Press,  |c [1991] 
264 4 |c ©1991 
300 |a viii, 376 pages :  |b illustrations ;  |c 24 cm. 
336 |a text  |b txt  |2 rdacontent 
337 |a unmediated  |b n  |2 rdamedia 
338 |a volume  |b nc  |2 rdacarrier 
490 1 |a Texas A & M University economics series ;  |v no. 12 [i.e. 13] 
536 |a Dr. Charles E. Ferguson and Dr. Melvin L. Greenhut Economics Collection. 
504 |a Includes bibliographical references and indexes. 
505 0 |a The new institutional economics : an assessment / by Eirik G. Furubotn and Rudolf Richter -- The methodology of the new institutional economics. Institutionalist economics old and new / by Terence W. Hutchison -- Development of the property rights approach / by Louis De Alessi -- The economics of governance : framework and implications / by Oliver E. Williamson -- Reflections on relational contract / by Ian R. Macneil -- Self-enforcing contracts / by Benjamin Klein -- Long term vertical relationships and the study of industrial organization and government regulation / by Paul L. Joskow -- A comparison of alternative approaches to economic organization / by Oliver E. Williamson -- A new push in the theory of organization, a commentary on O.E. Williamson's comparison of alternative approaches to economic organization / by Siegwart Lindenberg -- The modern theory of the firm. Reflections on the theory of the firm / by Armen A. Alchian and Susan Woodward. 
505 0 |a (cont.) Plant closings, worker reallocation costs and efficiency gains to labor representation on boards of directors / by Eirik G. Furubotn and Steven N. Wiggins -- The cooperative association as a business enterprise : a study in the economics of transactions / by Holger Bonus -- The new institutional approach to economic history. Transaction costs, institutions, and economic history / by Douglass C. North -- Distributional issues in contracting for property rights / by Gary D. Libecap -- The incentives to innovate under alternative property rights assignments with special reference to the patent system / by Erich Kaufer -- On problems of political institutions. A transaction cost approach to the historical development of polities and economies / by Douglass C. North -- The political institutions of representative government : legislatures / by Barry R. Weingast -- The Louvre Accord from the viewpoint of the new institutional economics / by Rudolf Richter. 
505 0 |a (cont.) Formal approaches to institutional economics. Externalities and the Coase theorem : hypothesis or result? / by Urs Schweizer -- Monitoring agents with other agents / by Hal R. Varian -- Regulating trade among agents / by Bengt Holmström and Paul Milgrom -- Different approaches to the economic analysis of institutions : some concluding remarks / by Eirik G. Furubotn -- Different approaches to the economic analysis of institutions : concluding remarks / Leonid Hurwicz. 
650 0 |a Institutional economics. 
700 1 |a Furubotn, Eirik Grundtvig,  |d 1923- 
700 1 |a Richter, Rudolf,  |d 1926- 
730 0 |a Zeitschrift für die gesamte Staatswissenschaft. 
830 0 |a Texas A & M University economics series ;  |v no. 13. 
999 |a MARS 
999 f f |s e1c659fc-a886-3a23-94b1-6d527c73c80f  |i 3eed8ff9-932d-3318-99e1-9a4061986042  |t 0 
952 f f |p ric  |a Texas A&M University  |b Rellis Campus  |c Joint Library Facility  |d Remote Storage  |t 0  |e HB99.5 .N49 1991  |h Library of Congress classification  |i unmediated -- volume  |m A14821263741 
952 f f |p noncirc  |a Texas A&M University  |b College Station  |c Cushing Memorial Library & Archives  |d Cushing: Texas A&M Press (Does not check out)  |t 0  |e HB99.5 .N49 1991  |h Library of Congress classification  |i unmediated -- volume 
998 f f |a HB99.5 .N49 1991  |t 0  |l Cushing: Texas A&M Press (Does not check out) 
998 f f |a HB99.5 .N49 1991  |t 0  |l Remote Storage